| 000 | 00382nam a22001697a 4500 | ||
|---|---|---|---|
| 005 | 20160622105628.0 | ||
| 008 | 160622b xxu||||| |||| 00| 0 eng d | ||
| 020 | _a978-0-07-015328-8 | ||
| 041 | _aeng | ||
| 082 | _b8920 | ||
| 100 |
_aSaxena, J.P. _9762 |
||
| 245 | _aProduction and Operations Mgt. | ||
| 260 | _bTMH | ||
| 300 | _a572 | ||
| 650 |
_aManagement _9241 |
||
| 942 | _cBK | ||
| 999 |
_c3489 _d3488 |
||